000
00374nam a22001697a 4500
003
MPLRDC
005
20220104123956.0
008
210129b ||||| |||| 00| 0 eng d
082
_a
802.7 YSD
100
_a
杨树达著
245
_a
词诠
_c
250
_a
一版
260
_a
_b
台湾商务印书馆
_c
1959
300
_b
精
650
_a
942
_c
BK
_o
802.7 YSD
999
_c
15671
_d
15661